000 00520nam a2200181Ia 4500
005 20250326125313.0
008 250326s9999 xx 000 0 und d
037 _aTextbook
040 _aFMSL
_beng
_cFMSL
041 _aeng
_2eng
084 _aX72991:Z2 K6
_qFMSL
100 _aRow S A L Narayana
245 0 _aEstate dutyb simplified
_cRow S A L Narayana
260 _aMadras
_bMadras, Madras Law Journal Office
_c1966
300 _a436p
942 _cTB
_hX72991:Z2 K6
999 _c1277440
_d1277440